| 000 | 00777 a2200241 4500 | ||
|---|---|---|---|
| 005 | 20250724140855.0 | ||
| 020 | _a9781844801282 | ||
| 050 |
_aHF5691 _bFRA 2004 |
||
| 100 |
_aFrancis, Andre _eauthor |
||
| 245 |
_aBusiness mathematics and statistics / _cAndre Francis |
||
| 250 | _aSixth edition | ||
| 264 |
_aLondon : _bThomson Learning, _c2004 |
||
| 300 |
_avi, 666 pages : _billustrations |
||
| 336 |
_2rdacontent _atext _btxt |
||
| 337 |
_2rdamedia _aunmediated _bn |
||
| 338 |
_2rdacarrier _avolume _bnc |
||
| 504 | _aIncludes index | ||
| 650 | _aBusiness mathematics | ||
| 650 |
_aBusiness mathematics _xProblems, exercises etc |
||
| 650 | _aCommercial statistics | ||
| 650 |
_aCommercial statistics _xProblems, exercises etc |
||
| 942 |
_2lcc _cBK _eSixth edition _h5691 _kHF _iFRA |
||
| 999 |
_c1 _d1 |
||